LEADER 01426nam a2200217 4500 001 000000339379 003 CaOOAMICUS 005 20200211164748.0 008 200211s1810 fr 000 u fre r 026 $as.t5 s.es s.nt (4bl (3) 1810 (A) 040 $aSeMil$bita 245 00$aTome 2. 264 1$aA Paris :$bArthus-Bertrand, libraire, rue Hautefeuille. n. 25,$c1810. 300 $a[4], 482, [2] p. ;$c8° 700 11$aLinné, Carl : von,$d<1707-1778>.$0(OLS)http://semarc/name/110948 773 0 $aLinné, Carl : von <1707-1778>$tSystême sexuel des végétaux, suivant les classes, les ordres, les genres et les espèces, avec les caractères et les différences, par Charles Linné. Première interprétation française, calquée sur les Editions de Murray, de Person, de Wildenow ; augmentée et enrichie de notions élémentaires, de notes diverses, d'une concordance avec la méthode de Tournefort, et les familles naturelles de Jussieu, etc., etc.; par N. Jolyclerc, ...$dA Paris : Arthus-Bertrand, libraire, rue Hautefeuille. n. 25, 1810.$bDeuxième édition, revue, corrigée et augmenté [sic]$g2$w()339377 850 $aSeMil 852 $aSeMil$W1$xVenegono$y1$m3XE I 2 FA$j218548$B230474$CSeMilBibl$Z2$F230474 $8I 996 $6245$aTome 2$9(OLS)http://semarc/title/1533 996 $6264$aA Paris :$bArthus-Bertrand, libraire, rue Hautefeuille. n. 25$9(OLS)http://semarc/publisher/58844 LEADER 01424nam a2200301 i 4500 001 000000195123 003 CaOOAMICUS 005 20220627125900.0 008 101202s1984 fr u000 u fre u 013 $a173786 020 $a2-204-02098-2 040 $aSeMil$bita 100 1 $aBen-Chorin, Schalom$b<1913-1999>.$0(OLS)http://semarc/name/21425 240 14$aDie Liturgie der Synagoge.$0(OLS)http://semarc/title/281425 245 13$aLe judaïsme en prière :$bla liturgie de la Synagogue /$cSchalom Ben Chorin ; traduit de l'allemand par Michel Beauvallet et Alexandre Winogradsky ; glossaire établi par Alexandre Winogradsky. 264 1$aParis :$bLes Éditions du Cerf,$c1984. 300 $a203 p. ;$c24 cm. 490 1 $aCerf Patrimoines 650 4$aGiudaismo.$0(OLS)http://semarc/subject/2880 700 1 $aWinogradsky, Alexandre Abraham.$0(OLS)http://semarc/name/70816 700 1 $aBeauvallet, Michel.$0(OLS)http://semarc/name/70815 830 0$aCerf Patrimoines.$0(OLS)http://semarc/title/10690 850 $aSeMil 852 $aSeMil$W1$xVenegono$y1$m2XA W 6$j236131$B145692$CSeMilBibl$Z2$F157274 $81 996 $6020$a2-204-02098-2$9(OLS)http://semarc/number/186746 996 $6245$aLe judaïsme en prière :$bla liturgie de la Synagogue$9(OLS)http://semarc/title/281424 996 $6264$aParis :$bLes Éditions du Cerf$9(OLS)http://semarc/publisher/29611